[Event "HUN-chT2 Toth 1415"]
[Site "Hungary"]
[Date "2014.09.21"]
[Round "2.8"]
[White "Alb, Flavius Robert"]
[Black "Egyed, Judit"]
[Result "1/2-1/2"]
[WhiteElo "1836"]
[BlackElo "1845"]
[PlyCount "85"]
[EventDate "2014.09.07"]
[EventType "team-tourn"]
[EventRounds "11"]
[EventCountry "HUN"]
[SourceTitle "EXT 2016"]
[Source "ChessBase"]
[SourceDate "2015.10.08"]
[SourceVersion "1"]
[SourceVersionDate "2015.10.08"]
[SourceQuality "1"]
[WhiteTeam "Gyula"]
[BlackTeam "Karcag"]
[WhiteTeamCountry "HUN"]
[BlackTeamCountry "HUN"]

1. e4 c5 2. Nf3 d6 3. Nc3 Nf6 4. Bb5+ Nbd7 5. 0-0 a6 6. Be2 e5 7. Re1 b5 8. d3 Be7 9. Bf1 Nf8 10. Ne2 Bg4 11. Ng3 h5 12. h3 h4 13. Nh1 Bh5 14. Be2 Ne6 15. Nh2 Bxe2 16. Qxe2 Qd7 17. Rf1 Nh5 18. Qg4 Nhf4 19. Bxf4 Nxf4 20. Qxd7+ Kxd7 21. Rfe1 c4 22. dxc4 bxc4 23. Rad1 Rab8 24. b3 Rhc8 25. Ng4 Ke6 26. Ne3 cxb3 27. cxb3 Rb5 28. Rd2 Rbc5 29. Nf5 g6 30. Nxe7 Kxe7 31. Red1 R8c6 32. Kh2 Ne6 33. f3 Nd4 34. Nf2 Rc2 35. Nd3 Rxd2 36. Rxd2 Rc2 37. Rxc2 Nxc2 38. Kg1 f5 39. Kf2 f4 40. Ke2 Kd7 41. Kd2 Ne3 42. Ne1 Kc6 43. a3 1/2-1/2

[Event "HUN-chT2 Toth 1213"]
[Site "Hungary"]
[Date "2013.03.03"]
[Round "8.12"]
[White "Tardi, Richard"]
[Black "Alb, Flavius Robert"]
[Result "0-1"]
[WhiteElo "1402"]
[BlackElo "1682"]
[PlyCount "106"]
[EventDate "2012.09.16"]
[EventType "team-tourn"]
[EventRounds "11"]
[EventCountry "HUN"]
[SourceTitle "EXT 2014"]
[Source "ChessBase"]
[SourceDate "2013.11.20"]
[SourceVersion "1"]
[SourceVersionDate "2013.11.20"]
[SourceQuality "1"]
[WhiteTeam "Debrecen Sakkbaratok"]
[BlackTeam "Gyula"]
[WhiteTeamCountry "HUN"]
[BlackTeamCountry "HUN"]

1. d4 d6 2. c4 Nf6 3. Nc3 g6 4. e4 Bg7 5. Bg5 0-0 6. Qd2 c5 7. d5 a6 8. Bh6 Ne8 9. Bxg7 Nxg7 10. Nf3 Bg4 11. Be2 Bxf3 12. Bxf3 Nd7 13. 0-0 Rb8 14. b3 b5 15. cxb5 axb5 16. Rab1 b4 17. Nd1 Ra8 18. Ne3 Nb6 19. Nc4 Nxc4 20. bxc4 Ra3 21. Rb3 Qa5 22. Rxa3 Qxa3 23. Bd1 Ra8 24. Bb3 Ne8 25. Qc1 Nf6 26. Qxa3 Rxa3 27. f3 Nd7 28. Re1 Ne5 29. Rd1 g5 30. h3 h5 31. Kf2 Kg7 32. g3 f6 33. f4 Ng6 34. fxg5 fxg5 35. Rd2 Ne5 36. Ke2 g4 37. h4 Nf3 38. Rb2 Nd4+ 39. Kf2 Ra8 40. Bd1 Kf6 41. Ke3 Ra3+ 42. Bb3 Nf3 43. Rf2 Ke5 44. Rb2 e6 45. Rf2 exd5 46. exd5 Nd4 47. Rb2 Ra8 48. Rf2 Nf5+ 49. Kd2 Nxg3 50. Rf7 Re8 51. Rh7 Ne4+ 52. Ke3 Kf6 53. Rxh5 Ng3+ 0-1